Squad 36 2025 / directed by Oliver Marchal; written by Oliver Marchal, Oliver Dujots, and Michel Tourscher; produced by Guillaume Colboc, Sidonie Dumas, Marc Vade (Record no. 20794)

000 -LEADER
fixed length control field 01637nam a2200265 4500
008 - FIXED-LENGTH DATA ELEMENTS--GENERAL INFORMATION
fixed length control field 250527b xxu||||| |||| 00| 0 eng d
040 ## - CATALOGING SOURCE
Original cataloging agency Cagayan State University
Description conventions RDA
050 ## - LIBRARY OF CONGRESS CALL NUMBER
Classification number 791.4372
Item number S773 2025
245 ## - TITLE STATEMENT
Title Squad 36 2025 / directed by Oliver Marchal; written by Oliver Marchal, Oliver Dujots, and Michel Tourscher; produced by Guillaume Colboc, Sidonie Dumas, Marc Vade
Statement of responsibility, etc directed by Oliver Marchal; written by Oliver Marchal, Oliver Dujots, and Michel Tourscher; produced by Guillaume Colboc, Sidonie Dumas, Marc Vade
260 ## - PUBLICATION, DISTRIBUTION, ETC. (IMPRINT)
Place of publication, distribution, etc Paris, France
Name of publisher, distributor, etc Gaumot
Date of publication, distribution, etc 2025
300 ## - PHYSICAL DESCRIPTION
Extent 1 videofile, ca. 124 mins.
Other physical details sound, color.
520 ## - SUMMARY, ETC.
Summary, etc Antoine Cerda, a senior police officer with the prestigious Investigation and Intervention Brigade, who is transferred to the Anti-Crime Brigade after being sanctioned by the General Inspectorate of the French National Police. The move sees him turn his back on his former comrades and unit, led by the charismatic Sami Belkaïm. When two officers from his old squad are killed in less than 24 hours and a third goes missing in mysterious circumstances, Cerda embarks on his own investigation. His inquiries will reveal an intense police rivalry and take him on a terrible downward spiral.
521 ## - TARGET AUDIENCE NOTE
Target audience note Parent Guide
650 ## - SUBJECT ADDED ENTRY--TOPICAL TERM
Topical term or geographic name as entry element Crime
650 ## - SUBJECT ADDED ENTRY--TOPICAL TERM
Topical term or geographic name as entry element Drama
650 ## - SUBJECT ADDED ENTRY--TOPICAL TERM
Topical term or geographic name as entry element Thriller
700 ## - ADDED ENTRY--PERSONAL NAME
Personal name Victor Belmondo, star.
700 ## - ADDED ENTRY--PERSONAL NAME
Personal name Tewfik Jallab, star.
700 ## - ADDED ENTRY--PERSONAL NAME
Personal name Yvan Attal, star.
700 ## - ADDED ENTRY--PERSONAL NAME
Personal name Erwann Kermorvant, composer.
700 ## - ADDED ENTRY--PERSONAL NAME
Personal name Denis Rouden, cinematographer.
700 ## - ADDED ENTRY--PERSONAL NAME
Personal name Issabelle Bassaglia, editor.
700 ## - ADDED ENTRY--PERSONAL NAME
Personal name Raphaele Urtin, editor.
942 ## - ADDED ENTRY ELEMENTS (KOHA)
Source of classification or shelving scheme
Item type Audio-Visual Materials
Holdings
Source of acquisition Price effective from Permanent location Date last seen Not for loan Date acquired Source of classification or shelving scheme Koha item type Collection code Shelving location Damaged status Lost status Withdrawn status Current location
Donation2025-05-27Cagayan State University - Carig Library2025-05-27 2025-05-27 Audio-Visual MaterialsElectronic Media CenterElectronic Media Center   Cagayan State University - Carig Library

Cagayan State University University Library, Carig Campus
Tuguegarao City, Cagayan 3500 | www.csucarig.edu.ph

Powered by Koha